| 000 | 01096nam a2200241Ia 4500 | ||
|---|---|---|---|
| 000 | nam a22 i 4500 | ||
| 001 | UNACH-11614 | ||
| 007 | ta | ||
| 008 | 221212s ||||fr|||| 00| | spa d | ||
| 020 | _a978-968-245-500-1 | ||
| 041 | 0 | _aspa | |
| 100 | 1 |
_aPriestley, Maureen, _eautor |
|
| 245 | 1 | 0 | _aTécnicas y estrategias del pensamiento critico |
| 264 | 3 | 1 |
_a[México D.F.] : _aMéxico : _bEditorial Trillas, _c1996 |
| 300 | _a216 páginas | ||
| 336 |
_atexto _btxt _2rdacontent |
||
| 337 |
_ano mediado _bn _2rdamedia |
||
| 338 |
_avolumen _bnc _2rdacarrier |
||
| 504 | _aIncluye Contenido,Indices,Bibliografia,Epiloqo,Glosario,Bibliografia,Indice,Notas,Graficos,Imagenes | ||
| 505 | 0 | _aLa enseñanza del pensamiento crítico.Técnicas y estrategias.-- Los pasos hacia el éxito.La incorporación del pensamiento en el programa académico.-- ¿Cómo vamos? Midiendo nuestro progreso.-- Las herramientas del pensamiento.Estrategias y técnicas para la enseñansa del pensamiento.-- Aprendizaje cooperativo.-- La participación de los padres de familia | |
| 942 |
_2ddc _c1 _n0 |
||
| 999 |
_c9051 _d9051 |
||